000 00292nam a2200109Ia 4500
008 190914s9999||||xx |||||||||||||| ||und||
100 _aHyrum W.Smith
245 4 _aThe 10 Natural laws of Successful time and life Management
260 _aUSA
_bTime Warner
_c2012
300 _a254
942 _cBK
999 _c9130
_d9130